000 00459nam a2200157 a 4500
001 000031304
005 20200930062834.0
008 110617s2001 dr 000 0 spa d
040 _aDO-SdBNP
_bspa
_cBNPHU
082 _axxxx
_bC669
110 2 _aVerizon Dominicana
_957757
245 1 0 _aCódigo de conducta empresarial :
_bcomunicación con integridad.
260 _aSanto Domingo :
_bVerizon Dominicana,
_c2001.
300 _a68 p. ;
_c28 cm.
049 _aBNPD
999 _c30796
_d30796